| 000 | 00801 a2200217 4500 | ||
|---|---|---|---|
| 003 | Nust | ||
| 005 | 20220722165247.0 | ||
| 010 | _a 95015055 | ||
| 020 | _a0134364112 | ||
| 040 | _cNust | ||
| 082 | 0 | 0 | _a005.133,PLA |
| 100 | 1 |
_aPlauger, P. J., _936663 |
|
| 245 | 1 | 0 |
_aStandard C : _ba reference / _cP.J. Plauger, Jim Brodie. |
| 260 |
_aUpper Saddle River,N.J. : _bPrentice Hall PTR, _cc1996. |
||
| 300 |
_aviii, 248 p. : _bill. ; _c23 cm. + _e1 computer disk (3 1/2in.) |
||
| 440 | 0 |
_aPrentice Hall series on programming tools and methodologies _994632 |
|
| 505 | _aPart 1: The Standard C Language (Page-9), Part 2; The Standard C Library (Page- 111), Part 3: Appendixes (Page-209). | ||
| 650 | 0 |
_aC (Computer program language) _91226 |
|
| 700 | 1 |
_aBrodie, Jim, _d1953- _994633 |
|
| 942 |
_cREF _2ddc |
||
| 999 |
_c174890 _d174890 |
||